<?xml version="1.0" encoding="UTF-8"?>
<record
    xmlns:xsi="http://www.w3.org/2001/XMLSchema-instance"
    xsi:schemaLocation="http://www.loc.gov/MARC21/slim http://www.loc.gov/standards/marcxml/schema/MARC21slim.xsd"
    xmlns="http://www.loc.gov/MARC21/slim">

  <leader>00894naa a22002057a 4500</leader>
  <controlfield tag="003">BPK</controlfield>
  <controlfield tag="005">20160308111643.0</controlfield>
  <controlfield tag="008">160308b1981    pl ||||| |||| 10| 0 pol  </controlfield>
  <datafield tag="040" ind1=" " ind2=" ">
    <subfield code="c">BPK</subfield>
  </datafield>
  <datafield tag="080" ind1=" " ind2=" ">
    <subfield code="a">338.46</subfield>
  </datafield>
  <datafield tag="100" ind1=" " ind2=" ">
    <subfield code="a">BIELAK, Janusz.</subfield>
    <subfield code="d">1969 - 1996.</subfield>
    <subfield code="b">Wy&#x17C;sza Szko&#x142;a In&#x17C;ynierska w Koszalinie - Instytut Budownictwa,</subfield>
    <subfield code="c">Zak&#x142;ad Ekonomiki i Organizacji Budownictwa</subfield>
  </datafield>
  <datafield tag="245" ind1=" " ind2=" ">
    <subfield code="a">Koordynacja organizacji dzia&#x142;alno&#x15B;ci obs&#x142;uguj&#x105;cej ruch turystyczny w wojew&#xF3;dztwie /</subfield>
    <subfield code="c">Janusz Bielak.</subfield>
  </datafield>
  <datafield tag="260" ind1=" " ind2=" ">
    <subfield code="c">1981.</subfield>
  </datafield>
  <datafield tag="500" ind1=" " ind2=" ">
    <subfield code="a">Dane z kartoteki bpp.</subfield>
  </datafield>
  <datafield tag="650" ind1=" " ind2="0">
    <subfield code="a">Turystyka - zarz&#x105;dzanie.</subfield>
  </datafield>
  <datafield tag="655" ind1=" " ind2="0">
    <subfield code="a">Materia&#x142;y konferencyjne.</subfield>
  </datafield>
  <datafield tag="711" ind1=" " ind2=" ">
    <subfield code="a">Konferencja Naukowa nt. Reorganizacja budownictwa w wojew&#xF3;dztwie</subfield>
    <subfield code="d">(1981 ;</subfield>
    <subfield code="c">Koszalin, Polska).</subfield>
  </datafield>
  <datafield tag="773" ind1=" " ind2=" ">
    <subfield code="i">W :</subfield>
    <subfield code="t">Reorganizacja budownictwa w wojew&#xF3;dztwie : Konferencja Naukowa. -</subfield>
    <subfield code="d">Koszalin : Wydaw. TNOIK, 1981</subfield>
  </datafield>
  <datafield tag="942" ind1=" " ind2=" ">
    <subfield code="c">ART</subfield>
    <subfield code="2">UKD</subfield>
  </datafield>
  <datafield tag="999" ind1=" " ind2=" ">
    <subfield code="c">7493</subfield>
    <subfield code="d">7493</subfield>
  </datafield>
</record>
